|
|
|
|
| LEADER |
00000nam0a2200000 4500 |
| 001 |
299219 |
| 005 |
20231102001200.0 |
| 035 |
|
|
|a (RuTPU)RU\TPU\book\324371
|
| 090 |
|
|
|a 299219
|
| 100 |
|
|
|a 20150625d1982 k y0rusy5003 ca
|
| 101 |
0 |
|
|a rus
|
| 102 |
|
|
|a RU
|
| 105 |
|
|
|a a z 001zy
|
| 200 |
1 |
|
|a Химическая физика старения и стабилизации полимеров
|f Н. М. Эмануэль, А. Л. Бучаченко
|g Академия наук СССР (АН СССР), Институт химической физики им. Н. Н. Семенова (ИХФ)
|
| 210 |
|
|
|a Москва
|c Наука
|d 1982
|
| 215 |
|
|
|a 359 с.
|c ил.
|d 22 см
|
| 320 |
|
|
|a Библиогр. в конце гл.
|
| 606 |
1 |
|
|a Полимеры
|x Старение
|2 stltpush
|3 (RuTPU)RU\TPU\subj\50301
|9 69009
|
| 606 |
1 |
|
|a Полимеры
|x Стабилизация
|2 stltpush
|3 (RuTPU)RU\TPU\subj\50300
|9 69008
|
| 610 |
1 |
|
|a морфология
|
| 610 |
1 |
|
|a монокристаллы
|
| 610 |
1 |
|
|a химические процессы
|
| 610 |
1 |
|
|a полихроматизм
|
| 610 |
1 |
|
|a активные центры
|
| 610 |
1 |
|
|a миграция
|
| 610 |
1 |
|
|a механизмы
|
| 610 |
1 |
|
|a радикальные реакции
|
| 610 |
1 |
|
|a окислительные процессы
|
| 610 |
1 |
|
|a ингибиторы
|
| 610 |
1 |
|
|a деструкция
|
| 610 |
1 |
|
|a прогнозирование
|
| 610 |
1 |
|
|a библиотека А. Г. Стромберга
|
| 675 |
|
|
|a 678.019
|z rus
|v 3
|
| 675 |
|
|
|a 678.048
|z rus
|v 3
|
| 700 |
|
1 |
|a Эмануэль
|b Н. М.
|g Николай Маркович
|4 070
|
| 701 |
|
1 |
|a Бучаченко
|b А. Л.
|g Анатолий Леонидович
|4 070
|
| 712 |
0 |
2 |
|a Академия наук СССР (АН СССР)
|b Институт химической физики им. Н. Н. Семенова (ИХФ)
|c (Москва)
|2 stltpush
|3 (RuTPU)RU\TPU\col\1482
|
| 801 |
|
0 |
|a RU
|b RuMRKP
|c 19950704
|g psbo
|
| 801 |
|
1 |
|a RU
|b 63413507
|c 20150625
|
| 801 |
|
2 |
|a RU
|b 63413507
|c 20171004
|g RCR
|
| 942 |
|
|
|c BK
|